00541nam a22002057a 450000500170000001000130001702000220003003500130005203700160006504000120008108200130009310000080010624500560011426000400017027000510021030000360026165000220029765000130031970000030033220170124110208.0 aB-228762 c00.00a8188951064 aB-228762 bCen Lib/Ret aDPLbEN a004bGBD aGbd aComputer Science & information technology /cby Gbd aNew DelhibGeneral Book Depotc2005 a16, Ansari Road darya Ganj bNew Delhie110002 aVarious Pages :c22cm(Hb)bill. aComputer Science  aInternet